000 00575nam a2200205Ia 4500
003 GCL
008 140319s9999 xx 000 0 ara d
040 _aGCL /
_cGCL
082 0 4 _aط
_b813.088
100 1 _aعبدالتواب يوسف
245 1 0 _aاطفال ابطال /
_cعبدالتواب يوسف
700 1 _aعبدالشافى سيد
260 _aبيروت :
_bدار الكتب الاسلامية ،
_c1985
300 _a15 ص
490 _a
650 0 4 _aقصص البطولات
650 0 4 _aالاطفال
650 0 4 _aالقصص
942 _2ddc
_cBK
999 _c56544
_d56544